000 00513cas a22001815a 4500
001 L138283
008 070525c19892001xxkzr p 0 a0eng u
035 _a(Sirsi) u138283
041 0 _aeng
110 2 _aRoyal Institution of Chartered Surveyors
_bWessex Branch
245 0 0 _aOn the Level
260 _aS.l.
_bRICS
_c1989-
362 0 _a1(1) November/December 1989-June/July 2001
554 _a5 per year
651 4 _aWESSEX
690 _aMANAGEMENT-BUSINESS MANAGEMENT-PROFESSIONAL PRACTICE
942 _n0
999 _c118961
_d118961